Word Ladder: Pride's Sequitur Quiz Stats

 Plays Quiz Updated Jun 8, 2012

Support Sporcle.
Go Orange.
Score 0/27 Timer 03:00
0 Plays Today
Clue 4-Letter Word % Correct
▼ ____ TO THE FUTURE ▼▼ BACK ▼
96.6%
Group of wolvesPACK
95.6%
U2 or UB40BAND
92%
Teller's milieuBANK
87.4%
'The Ties That ____'BIND
86.5%
Had onWORE
85.9%
Campus clubFRAT
78.8%
Eroded by useWORN
78.7%
Guitar neck rungFRET
77.7%
Chip's cartoon partnerDALE
76.9%
Itchycoo or Central, e.g.PARK
76.5%
Send via telegraphWIRE
75.5%
Early hourDAWN
74.6%
Playground challengeDARE
71.6%
Clue 4-Letter Word % Correct
Mild expletiveDARN
70.7%
Pulled asunderTORN
69%
____ and ParcelPART
68.8%
Muscatel or AmontilladoWINE
67.9%
▼ SCIROCCO OR ZEPHYR ▼▼ WIND ▼
67.9%
Thornton Wilder's 'Our ____'TOWN
65.8%
PerkyPERT
63.5%
▼ UNFETTERED ▼▼ FREE ▼
62.3%
Useful mossPEAT
60.9%
▼ NENE'S INSULATOR ▼▼ DOWN ▼
59.6%
▼ PERCY WEASLEY, e.g.? ▼▼ PRAT ▼
58.9%
Mountain sheepDALL
23.2%
▼ COMMON BOND ▼▼ FALL ▼
21.1%

Today's Daily Dose

You're not logged in!

Compare scores with friends on all Sporcle quizzes.
OR
Log In
Forgot?

From the Vault

Click-A-Jackson

by g_norm

It's like whack-a-mole, but less violent and more entertaining.
Remove Ads.
Support Sporcle.
Get the best of Sporcle when you Go Orange. This ad-free experience offers more features, more stats, and more fun while also helping to support Sporcle. Thank you for becoming a member.

Show Comments

Extras

Top Quizzes Today


Score Distribution

Your Account Isn't Verified!

In order to create a playlist on Sporcle, you need to verify the email address you used during registration. Go to your Sporcle Settings to finish the process.

Report this User

Report this user for behavior that violates our Community Guidelines.

Details: